Chemical principles of environmental pollution / (Record no. 3528)
[ view plain ]
| 000 -LEADER | |
|---|---|
| fixed length control field | 00635nam a2200229 4500 |
| 003 - CONTROL NUMBER IDENTIFIER | |
| control field | OSt |
| 005 - DATE AND TIME OF LATEST TRANSACTION | |
| control field | 20160413194952.0 |
| 008 - FIXED-LENGTH DATA ELEMENTS--GENERAL INFORMATION | |
| fixed length control field | 160413b xxu||||| |||| 00| 0 eng d |
| 020 ## - INTERNATIONAL STANDARD BOOK NUMBER | |
| International Standard Book Number | 0751403806 |
| 040 ## - CATALOGING SOURCE | |
| Transcribing agency | 040a |
| 082 ## - DEWEY DECIMAL CLASSIFICATION NUMBER | |
| Classification number | 333.7 |
| Item number | ALL 1997 |
| 100 ## - MAIN ENTRY--PERSONAL NAME | |
| Personal name | Alloway, B . J |
| 9 (RLIN) | 7129 |
| 245 ## - TITLE STATEMENT | |
| Title | Chemical principles of environmental pollution / |
| Statement of responsibility, etc. | B. J Alloway, D. C Ayres |
| 250 ## - EDITION STATEMENT | |
| Edition statement | 2nd.ed |
| 260 ## - PUBLICATION, DISTRIBUTION, ETC. (IMPRINT) | |
| Place of publication, distribution, etc. | London |
| Name of publisher, distributor, etc. | Blackie academic |
| Date of publication, distribution, etc. | 1997 |
| 300 ## - PHYSICAL DESCRIPTION | |
| Extent | xvii, 393p; |
| Other physical details | ill: |
| Dimensions | 24 cm |
| 504 ## - BIBLIOGRAPHY, ETC. NOTE | |
| Bibliography, etc | Includes index |
| 650 ## - SUBJECT ADDED ENTRY--TOPICAL TERM | |
| Topical term or geographic name as entry element | Pollution |
| 9 (RLIN) | 7130 |
| 650 ## - SUBJECT ADDED ENTRY--TOPICAL TERM | |
| Topical term or geographic name as entry element | chemical principles |
| 9 (RLIN) | 7877 |
| 700 ## - ADDED ENTRY--PERSONAL NAME | |
| Personal name | Ayres, D C |
| 9 (RLIN) | 7132 |
| 942 ## - ADDED ENTRY ELEMENTS (KOHA) | |
| Source of classification or shelving scheme | Dewey Decimal Classification |
| Koha item type | Short Loan |
| Withdrawn status | Lost status | Source of classification or shelving scheme | Damaged status | Not for loan | Home library | Current library | Date acquired | Inventory number | Total Checkouts | Full call number | Barcode | Date last seen | Price effective from | Koha item type | Source of acquisition |
|---|---|---|---|---|---|---|---|---|---|---|---|---|---|---|---|
| Dewey Decimal Classification | MUST Main Library | MUST Main Library | 13/04/2016 | 2000/13582 | 333.7 ALL 1997 | 2016-0857 | 13/04/2016 | 13/04/2016 | Short Loan | ||||||
| Dewey Decimal Classification | MUST Main Library | MUST Main Library | 26/06/2024 | 2003/18723 | 333.7 ALL 1997 | 2024-21395 | 26/06/2024 | 26/06/2024 | Open Shelf | Donation |
